000 00309 a2200133 4500
001 151545
040 _cEscola São Tomás de Aquino
240 1 0 _aComo é que é jacaré?
_lpor
245 1 0 _aComo é que é jacaré?
362 0 _a1984
440 1 _aSalamandra
697 _a*LITERATURA INFANTO
942 _cBK
999 _c151545
_d151545